Catálogo
 En Linea

Desventuras Conyugales de Bartolomé Morales de Ruzante / (Registro nro. 43446)

Detalles MARC
000 -CABECERA
campo de control de longitud fija 00681nam a2200193 a 4500
001 - NÚMERO DE CONTROL
campo de control 000043957
005 - FECHA Y HORA DE LA ÚLTIMA TRANSACCIÓN
campo de control 20201002045050.0
008 - DATOS DE LONGITUD FIJA--INFORMACIÓN GENERAL
campo de control de longitud fija 140512s2006 sp ac 000 0 spa d
020 ## - NÚMERO INTERNACIONAL ESTÁNDAR DEL LIBRO
Número Internacional Estándar del Libro 9788487744280
040 ## - FUENTE DE LA CATALOGACIÓN
Centro catalogador/agencia de origen DO-SdBNP
Lengua de catalogación spa
Centro/agencia transcriptor BNPHU
082 ## - NÚMERO DE LA CLASIFICACIÓN DECIMAL DEWEY
Número de clasificación xxxxxx
Número de documento/Ítem xxxxxx
245 00 - MENCIÓN DE TÍTULO
Título Desventuras Conyugales de Bartolomé Morales de Ruzante /
Mención de responsabilidad, etc. edición y coordinación Ángel Facio ; director Mario Gas.
260 ## - PUBLICACIÓN, DISTRIBUCIÓN, ETC.
Lugar de publicación, distribución, etc. Madrid, :
Nombre del editor, distribuidor, etc. Teatro español,
Fecha de publicación, distribución, etc. 2006.
300 ## - DESCRIPCIÓN FÍSICA
Extensión 284 p. :
Otras características físicas ils., retrs.
490 1# - MENCIÓN DE SERIE
Mención de serie Cuadernos del teatro español
Designación de volumen o secuencia 10
700 1# - PUNTO DE ACCESO ADICIONAL--NOMBRE DE PERSONA
Nombre de persona Facio, Ángel,
Término indicativo de función/relación ed. y coord.
9 (RLIN) 69908
700 1# - PUNTO DE ACCESO ADICIONAL--NOMBRE DE PERSONA
Nombre de persona Gas, Mario,
Término indicativo de función/relación dr.
9 (RLIN) 71900
830 #0 - PUNTO DE ACCESO ADICIONAL DE SERIE-TÍTULO UNIFORME
Título uniforme Cuadernos del teatro español
Número de parte o sección de la obra 10
9 (RLIN) 71901
Existencias
Estado de retiro Estado de pérdida Restricciones de uso No para préstamo Código de colección Localización permanente Ubicación/localización actual Ubicación en estantería Fecha de adquisición Número de inventario Total de préstamos Signatura topográfica completa Código de barras Fecha visto por última vez Precio válido a partir de Tipo de ítem Koha
        Monografías: Libros y Folletos General General Orden iniciada 12.05.2014 LF1   xxxxxx xxxxxx 43957-10 25.06.2020 25.06.2020 No se presta
        Monografías: Libros y Folletos General General Orden iniciada 12.05.2014 LF1   xxxxxx xxxxxx 43958-10 25.06.2020 25.06.2020 No se presta

Con tecnología Koha